Sv afg. Quiz Stats

 Plays Quiz not verified by Sporcle

Score 0/23 Timer 10:00
0 Plays Today
Sveitarfélag Sveitarstjóri % Correct
Borgarfjörður eystriJón Þórðarson
100%
DalvíkurbyggðSvanfríður Jónasdóttir
100%
Hrunamannahreppur Jón Valgeirsson
75%
SnæfellsbærKristinn Jónasson
75%
AkrahreppurAgnar Gunnarsson
50%
Húnaþing vestraSkúli Þórðarson
50%
Eyja- og MiklaholtshreppurGuðbjartur Gunnarsson
0%
Bæjarhreppur Sigurður Kjartansson
0%
FljótsdalshreppurGunnþórunn Ingólfsdóttir
0%
GrýtubakkahreppurGuðný Sverrisdóttir
0%
HörgársveitGuðmundur Sigvaldason
0%
BreiðdalshreppurPáll Baldursson
0%
Sveitarfélag Sveitarstjóri % Correct
ÁrneshreppurOddný Þórðardóttir
0%
SkagabyggðVignir Sveinsson
0%
SkaftárhreppurEygló Kristjánsdóttir
0%
TjörneshreppurSteinþór Heiðarsson
0%
SkútustaðahreppurGuðrún Valgeirsdóttir
0%
Skeiða-og GnúpverjahreppurGunnar Marteinsson
0%
Grímsnes- og GrafningshreppurIngibjörg Harðardóttir
0%
SvalbarðshreppurElfa Benediktsdóttir
0%
FlóahreppurMargrét Sigurðardóttir
0%
VopnafjarðarhreppurÞorsteinn Steinsson
0%
HvalfjarðarsveitLaufey Jóhannsdóttir
0%

You're not logged in!

Compare scores with friends on all Sporcle quizzes.
OR
Log In

Show Comments

Extras

Created Feb 12, 2012ReportNominate

Top Quizzes Today


Score Distribution

Your Account Isn't Verified!

In order to create a playlist on Sporcle, you need to verify the email address you used during registration. Go to your Sporcle Settings to finish the process.

Report this User

Report this user for behavior that violates our Community Guidelines.

Details: